The ballpark /

A behind-the-scenes view of Fenway Park, home of the Boston Red Sox.

Bibliographic Details
Main Author: Jaspersohn, William
Format: Book
Language:English
Published: Boston : Little, Brown, [1980]
Edition:1st ed.
Subjects:

MARC

Tag First Indicator Second Indicator Subfields
LEADER 00000pam a2200000 a 4500
001 in00000089639
005 20151008065444.0
008 790927s1980 maua j 00010 engm
010 |a  79022835  
020 |a 0316458120 
020 |a 0316458112 (pbk.) 
035 |a (OCoLC)05564655 
035 |9 AAK5979AM 
040 |a DLC  |c DLC  |d m.c.  |d TXA  |d UtOrBLW 
043 |a n-us-ma 
049 |a [Curr Col] TXAM  |c [1362255] 
050 0 0 |a GV875.B62  |b J37 
082 0 |a 796.357/068/0974461 
100 1 |a Jaspersohn, William. 
245 1 4 |a The ballpark /  |c by William Jaspersohn. 
250 |a 1st ed. 
264 1 |a Boston :  |b Little, Brown,  |c [1980] 
264 4 |c ©1980 
300 |a 120 pages :  |b illustrations ;  |c 26 cm. 
336 |a text  |b txt  |2 rdacontent 
337 |a unmediated  |b n  |2 rdamedia 
338 |a volume  |b nc  |2 rdacarrier 
500 |a Illustrations on lining papers. 
520 |a A behind-the-scenes view of Fenway Park, home of the Boston Red Sox. 
610 1 0 |a Fenway Park  |x Juvenile literature. 
610 2 0 |a Boston Red Sox (Baseball team)  |x Juvenile literature. 
610 1 0 |a Fenway Park. 
610 2 0 |a Boston Red Sox (Baseball team) 
999 |a MARS 
999 f f |s 4e7d2f60-8bb1-3ef4-8b52-674a78e6e290  |i 4c0abd99-7568-3ab2-a134-d279bd0c2f5b  |t 0 
952 f f |p ric  |a Texas A&M University  |b Rellis Campus  |c Joint Library Facility  |d Remote Storage  |t 0  |e GV875.B62 J37  |h Library of Congress classification  |i unmediated -- volume  |m A14806054313 
998 f f |a GV875.B62 J37  |t 0  |l Remote Storage